Statistics for U.S. Counties with > 200,000 People but <500,000 People

Click here to take the quiz!

General Stats

  • This quiz has been taken 8 times
  • The average score is 49 of 197

Answer Stats

HintsAnswer% Correct
215,077Harrison
71%
229,142 | 257,801Jefferson
71%
233,371 | 410,026 | 499,510Lake
71%
209,808 | 258,714 | 276,397Washington
71%
216,383 | 303,230Benton
57%
274,959Brown
57%
226,459 | 262,755Clay
57%
379,539Davis
57%
229,274Jackson
57%
264,833 | 404,155Madison
57%
409,860Orange
57%
231,406Shelby
57%
240,607Smith
57%
208,695Anderson
43%
282,301Cherokee
43%
329,192Escambia
43%
330,601Fayette
43%
306,037Greene
43%
201,037Hernando
43%
355,094 | 389,291Marion
43%
228,831 | 234,391Montgomery
43%
286,261San Luis Obispo
43%
249,447Sussex
43%
482,399Tulare
43%
412,105Waukesha
43%
260,778Yakima
43%
287,807Alachua
29%
394,434Allen
29%
245,467Berkeley
29%
397,026Butler
29%
243,759Canyon
29%
425,644Charleston
29%
309,046Clayton
29%
392,021Collier
29%
379,731Douglas
29%
342,008Durham
29%
267,969Erie
29%
369,337 | 375,129Hamilton
29%
251,749Henry
29%
429,603Hillsborough
29%
222,480Hinds
29%
345,886Howard
29%
282,955Kitsap
29%
492,993Knox
29%
333,768Lancaster
29%
297,211Leon
29%
320,182Lubbock
29%
422,774Manatee
29%
265,294Marin
29%
288,825Merced
29%
415,355Mobile
29%
317,517Northampton
29%
424,647Osceola
29%
421,632Placer
29%
425,639Richland
29%
208,425 | 233,330Richmond
29%
273,405Santa Cruz
29%
485,298Seminole
29%
341,104Spartanburg
29%
200,231St. Louis
29%
307,552Thurston
29%
249,361Union
29%
251,229Warren
29%
272,157Webb
29%
216,424 | 298,896 | 462,879York
29%
206,320Yuma
29%
318,040Albany
14%
291,073Anchorage
14%
373,799Anoka
14%
247,949Arlington
14%
274,528Atlantic
14%
246,617Baldwin
14%
232,929Barnstable
14%
388,770Bell
14%
434,072Berks
14%
341,615Boulder
14%
389,689Brazoria
14%
245,549Brazos
14%
278,791Buncombe
14%
465,799Burlington
14%
209,121Butte
14%
240,141Cabarrus
14%
232,712Caddo Parish
14%
223,991Calcasieu Parish
14%
425,457Cameron
14%
207,299Champaign
14%
304,339Chatham
14%
257,585Chesapeake City
14%
379,041Chesterfield
14%
435,024Clackamas
14%
211,973Clermont
14%
307,459Cleveland
14%
266,687 | 309,489 | 339,318Cumberland
14%
452,281Dakota
14%
291,891Dauphin
14%
226,097Delaware
14%
210,409Deschutes
14%
295,437Dutchess
14%
461,764East Baton Rouge Parish
14%
209,894Elkhart
14%
205,307Ellis
14%
274,014 | 392,166Forsyth
14%
283,216Frederick
14%
368,493Galveston
14%
234,501Gaston
14%
400,337Genesee
14%
306,497Gloucester
14%
210,171Hall
14%
466,527Hampden
14%
265,754Hartford
14%
205,294Hawaii
14%
266,255Hays
14%
342,624Henrico
14%
375,551Horry
14%
286,100Ingham
14%
443,250Jefferson Parish
14%
230,135Johnston
14%
265,072Kalamazoo
14%
216,334Lackawanna
14%
247,807Lafayette Parish
14%
392,349Lane
14%
376,898Larimer
14%
382,075Lehigh
14%
303,471Lexington
14%
236,020Linn
14%
316,447Lorain
14%
453,554Loudoun
14%
428,117Lucas
14%
326,998Luzerne
14%
225,551Mahoning
14%
310,670McHenry
14%
268,280McLennan
14%
393,589Mercer
14%
205,539Minnehaha
14%
217,191Mohave
14%
446,229Monterey
14%
212,034Muscogee
14%
232,614New Hanover
14%
266,905New London
14%
211,526Niagara
14%
236,565Norfolk City
14%
357,066Nueces
14%
220,923Okaloosa
14%
231,300Oneida
14%
479,363Onondaga
14%
212,616Onslow
14%
396,048Orleans Parish
14%
305,920Ottawa
14%
440,111Pinal
14%
404,039Pulaski
14%
319,861Rockingham
14%
346,321Rockland
14%
365,150Rutherford
14%
455,528Santa Barbara
14%
450,374Sarasota
14%
240,279Saratoga
14%
200,132Sarpy
14%
465,536Solano
14%
351,937Somerset
14%
490,357Sonoma
14%
374,634Stark
14%
418,696St. Charles
14%
253,602St. Clair
14%
298,442St. Johns
14%
274,706St. Joseph
14%
296,262St. Louis City
14%
344,658St. Lucie
14%
273,819St. Tammany
14%
206,973Sumner
14%
236,750Tuscaloosa
14%
465,914Virginia Beach City
14%
380,499Washtenaw
14%
271,520Weber
14%
351,829Weld
14%
351,510Westmoreland
14%
234,560Whatcom
14%
267,088Williamson
14%
282,374Winnebago
14%
243,763Yavapai
14%
221,060Yolo
14%

Score Distribution

Percentile by Number Answered

Percent of People with Each Score

Your Score History

You have not taken this quiz